000 00957nam a2200313 a 4500
001 60983
003 BD-RjUL
005 20211209080917.0
008 170104s1984 ilu 001 0 eng d
020 _a0870944797 (pbk.)
035 _a(OCoLC)11239869
035 _a(OCoLC)ocm11239869
035 _a(CStRLIN)NYCG84-B79764
035 _a(BD-RjUL)61107
035 _a(NNC)274727
040 _dCStRLIN
_aBD-RjUL
_beng
_cBD-RjUL
041 _aeng
082 0 _a650.0285
_223
_bHIB 1984
090 _aHF5548.2
_b.H535 1984
100 1 _aHilliard, Brooks L.
_9181873
245 1 0 _aBuying a computer for your growing business :
_ban insider's guide /
_cBrooks L. Hilliard.
260 _aHomewood, Ill. :
_bDow Jones-Irwin,
_cc1984.
300 _axiii, 211 ;
_c23 cm.
500 _aIncludes index.
650 0 _aBusiness
_xData processing.
_9181826
650 0 _aMicrocomputers
_xPurchasing.
_9181874
942 _2ddc
_cBK
999 _c60983
_d60983